Normal view MARC view
  • Seybold, John S.

Entry Personal Name

Number of records used in: 1

001 - CONTROL NUMBER

  • control field: 98748

003 - CONTROL NUMBER IDENTIFIER

  • control field: NUST

005 - DATE AND TIME OF LATEST TRANSACTION

  • control field: 20220901122018.0

008 - FIXED-LENGTH DATA ELEMENTS

  • fixed length control field: 220901|| aca||aabn | a|a d

040 ## - CATALOGING SOURCE

  • Original cataloging agency: NUST
  • Transcribing agency: NUST

100 ## - HEADING--PERSONAL NAME

  • Personal name: Seybold, John S.

670 ## - SOURCE DATA FOUND

  • Source citation: Work cat.: (NUST)215412: Seybold, John S.,, Introduction to RF propagation /, c2005.
© 2023 Central Library, National University of Sciences and Technology. All Rights Reserved.